000 00725cam a2200229 a 4500
001 000003799
005 20200929150556.0
008 911114s1993 ag 001 1 spa
020 _a9500811057
040 _aDO-SdBNP
_bspa
_cBNPHU
082 _a813.54
_bP945c
100 1 _aPrice, Richard,
_d1949-
_911541
240 1 0 _aClockers.
_lEspañol
245 1 0 _aClockers :
_blas calles del crack /
_cRichard Price ; traducción, Eduardo Hojman.
260 _aBuenos Aires :
_bAtlántida,
_c1993.
300 _a633 p. ;
_c22 cm.
504 _aIncluye índice
534 _pTítulo original :
_tClockers
650 4 _aNovela estadounidense
_9262
650 4 _aLiteratura estadounidense
_9263
700 1 _aHojman, Eduardo,
_etr.
_97663
999 _c3621
_d3621